[Event "Liape Open-004 email"]
[Site "Liape email"]
[Date "2002.08.22"]
[Round "1"]
[White "Izquierdo Fernandez, Juan Carlos"]
[Black "Vega Sigel, Luis Carlos"]
[Result "1-0"]
[WhiteElo "1600"]
[BlackElo "1600"]
[PlyCount "83"]
[EventDate "2002.08.22"]
[EventType "tourn (corr)"]
[EventRounds "6"]
[EventCountry "ARG"]
[SourceTitle "Corr 2006"]
[Source "ChessBase"]
[SourceDate "2006.04.01"]
[SourceVersion "3"]
[SourceVersionDate "2006.04.01"]
[SourceQuality "1"]

1. e4 c5 2. d4 cxd4 3. Nf3 Nc6 4. Bb5 g6 5. Nxd4 Bg7 6. Nxc6 bxc6 7. Bc4 e6 8. 0-0 Bb7 9. Re1 d6 10. Nc3 Nf6 11. Bg5 0-0 12. Qf3 h6 13. Bf4 a6 14. Rad1 d5 15. Bf1 Qb6 16. Be3 Qc7 17. Bxh6 dxe4 18. Nxe4 Nxe4 19. Bxg7 Kxg7 20. Qxe4 c5 21. Qe5+ Qxe5 22. Rxe5 Rac8 23. Rd7 Kf6 24. f4 Bc6 25. Ra7 Rfd8 26. Bxa6 Rd1+ 27. Kf2 Rb8 28. Rxc5 Be8 29. b3 Rd4 30. Ke3 Rd7 31. Rxd7 Bxd7 32. c4 Ra8 33. Ra5 Bc8 34. b4 Rxa6 35. Rxa6 Bxa6 36. b5 Bb7 37. g3 e5 38. fxe5+ Kxe5 39. a4 Bg2 40. Kd3 Be4+ 41. Kc3 g5 42. a5 1-0